000 00912nas a2200277 4500
001 BR0202269
003 BR-BrBNA
005 20231205102924.0
007 ta
008 230509b bl.|||p| |||| 00| 00por d
040 _aBR-BrBNA
_bpor
_cBiblioteca Nacional de Agricultura
041 _a(Pt)
072 _aJ11
100 1 _aNava, G.A.
100 1 _aBrackmann, A.
245 1 _aEfeito da remoção de etileno e sistemas de armazenamento sobre a qualidade de pêssegos (Prunus persica (L.)Batsch), cv. Chiripá
650 _aPÊSSEGO
650 _aETILENO
650 _aARMAZENAMENTO
650 _aQUALIDADE
650 _aVARIEDADE
773 0 _tRevista Brasileira de Agrociência (Brazil)
_xISSN 0104-8996
_g(May-Aug 2001), v. 7(2) p. 153-158
_wBR0202269
856 4 0 _uhttp://www.ufpel.tche.br/faem/agrociencia/v7n2/artigo15.pdf
909 _a202311
_bLúcia
_c55
_dLúcia Elande
942 _2AGRIS
_n0
_cANA
999 _c170070
_d170070